| 000 | 00356 a2200145 4500 | ||
|---|---|---|---|
| 001 | 81906 | ||
| 082 | _a629.1323 AND | ||
| 090 |
_c39875 _d39875 |
||
| 100 | _aJ D Anderson | ||
| 245 |
_aFundamentals of Aerodynamics _cAnderson J D _hEnglish |
||
| 250 | _aIst | ||
| 260 |
_aN Y _c1984 |
||
| 300 |
_a563p. _bPhotocopy |
||
| 500 | _aAerospace Textbook | ||
| 942 |
_aCAE NUST _cAE _k629.1323 AND |
||
| 999 |
_c316979 _d316979 |
||